Statystyki dla 10 najbardziej zalesionych państw Azji

Kliknij tutaj aby rozwiązać quiz!

Ogólne statystyki

  • Ten quiz został rozwiązany 73 razy
    (31 od ostatniego zresetowania)
  • Średni wynik to 6 z 10

Statystyki odpowiedzi

%Państwo% Poprawnych
61.7Indonezja
91%
66.5Malezja
83%
66.4Japonia
74%
48.7Nepal
61%
48.9Korea Południowa
57%
76.8Bhutan
52%
86.0Brunei
52%
62.2Korea Północna
48%
48.7Gruzja
35%
61.5Tajwan
35%

Rozkład punktacji

Percentyl według liczby udzielonych odpowiedzi

Procent ludzi z każdym wynikiem

Twoja historia wyników

Nie rozwiązałeś tego quizu od ostatniego zresetowania